[Event "Sitges op 44th"]
[Site "Sitges"]
[Date "2018.07.22"]
[Round "2"]
[White "Neelash, Saha"]
[Black "Supriya, Joshi"]
[Result "1-0"]
[WhiteElo "2319"]
[BlackElo "1941"]
[PlyCount "97"]
[EventDate "2018.07.22"]
[EventType "swiss"]
[EventRounds "9"]
[EventCountry "ESP"]
[SourceTitle "CBM 185 Extra"]
[Source "ChessBase"]
[SourceDate "2018.07.29"]
[SourceVersion "1"]
[SourceVersionDate "2018.07.29"]
[SourceQuality "1"]

1. d4 Nf6 2. Bg5 e6 3. Nd2 c5 4. e3 cxd4 5. exd4 Be7 6. Bxf6 Bxf6 7. c3 b6 8. Qf3 Nc6 9. Bd3 Bb7 10. Qh3 d6 11. Ngf3 g6 12. Ne4 Qe7 13. Qg3 Rd8 14. h4 h5 15. 0-0-0 Kd7 16. Rhe1 Kc8 17. Nxf6 Qxf6 18. Qg5 Qg7 19. d5 exd5 20. Bb5 f6 21. Qxd5 Ne5 22. Qe6+ Kc7 23. Nd4 a6 24. Bf1 Rhe8 25. Qb3 d5 26. Kb1 Qf7 27. Qa4 Nc4 28. Rxe8 Rxe8 29. g3 Qe7 30. Bxc4 dxc4 31. Qxc4+ Kb8 32. Nc6+ Bxc6 33. Qxc6 Qe4+ 34. Qxe4 Rxe4 35. Rd6 Re1+ 36. Kc2 Re2+ 37. Rd2 Re5 38. Kd1 Kc7 39. Re2 Rd5+ 40. Ke1 g5 41. Re4 Kd6 42. Ke2 Ra5 43. a3 Rb5 44. b4 a5 45. c4 Rf5 46. f3 axb4 47. axb4 b5 48. g4 hxg4 49. fxg4 1-0

[Event "Barcelona Sant Marti op-A 20th"]
[Site "Barcelona"]
[Date "2018.07.19"]
[Round "7"]
[White "Perez Pastora, Evaristo"]
[Black "Supriya, Joshi"]
[Result "0-1"]
[WhiteElo "2103"]
[BlackElo "1941"]
[PlyCount "66"]
[EventDate "2018.07.13"]
[EventType "swiss"]
[EventRounds "9"]
[EventCountry "ESP"]
[SourceTitle "CBM 185 Extra"]
[Source "ChessBase"]
[SourceDate "2018.07.29"]
[SourceVersion "1"]
[SourceVersionDate "2018.07.29"]
[SourceQuality "1"]

1. e4 c6 2. d4 d5 3. exd5 cxd5 4. c4 Nf6 5. Nc3 Nc6 6. Bg5 Be6 7. c5 g6 8. Bxf6 exf6 9. Be2 Bg7 10. Bf3 0-0 11. Nge2 f5 12. 0-0 g5 13. g3 Qd7 14. Qb3 Rfd8 15. Rad1 b6 16. Na4 Rab8 17. cxb6 axb6 18. Qe3 h6 19. b3 Re8 20. Qd2 f4 21. Bg2 Bh3 22. f3 Bxg2 23. Kxg2 Ne7 24. Rf2 Nf5 25. Rg1 fxg3 26. hxg3 Re3 27. Nac3 Rbe8 28. Rh1 Qd6 29. g4 Nh4+ 30. Rxh4 gxh4 31. Ne4 R3xe4 32. fxe4 Rxe4 33. Rf4 Rxe2+ 0-1

[Event "Barcelona Sant Marti op-A 20th"]
[Site "Barcelona"]
[Date "2018.07.16"]
[Round "4"]
[White "Minko, Dmitry"]
[Black "Supriya, Joshi"]
[Result "0-1"]
[WhiteElo "2085"]
[BlackElo "1941"]
[PlyCount "52"]
[EventDate "2018.07.13"]
[EventType "swiss"]
[EventRounds "9"]
[EventCountry "ESP"]
[SourceTitle "CBM 185 Extra"]
[Source "ChessBase"]
[SourceDate "2018.07.29"]
[SourceVersion "1"]
[SourceVersionDate "2018.07.29"]
[SourceQuality "1"]

1. e4 c6 2. d4 d5 3. exd5 cxd5 4. Bd3 g6 5. c3 Bf5 6. Ne2 Nc6 7. 0-0 Nf6 8. Re1 Bxd3 9. Qxd3 Bg7 10. Bf4 0-0 11. Ng3 Nd7 12. Nd2 e5 13. dxe5 Ndxe5 14. Bxe5 Nxe5 15. Qb5 a6 16. Qb3 d4 17. cxd4 Qxd4 18. Rad1 Qd3 19. Qa4 b5 20. Qf4 Rad8 21. Ngf1 Qc2 22. Rc1 Qxb2 23. Rb1 Qxa2 24. Rxe5 Bxe5 25. Qxe5 Rfe8 26. Qb2 Rxd2 0-1

[Event "Barbera del Valles op 41st"]
[Site "Barbera del Valles"]
[Date "2018.07.10"]
[Round "7"]
[White "Supriya, Joshi"]
[Black "Herrera Reyes, Jose Antonio"]
[Result "0-1"]
[WhiteElo "1941"]
[BlackElo "2311"]
[PlyCount "78"]
[EventDate "2018.07.04"]
[EventType "swiss"]
[EventRounds "9"]
[EventCountry "ESP"]
[SourceTitle "CBM 185 Extra"]
[Source "ChessBase"]
[SourceDate "2018.07.29"]
[SourceVersion "1"]
[SourceVersionDate "2018.07.29"]
[SourceQuality "1"]

1. d4 Nf6 2. c4 c5 3. d5 b5 4. f3 g6 5. e4 Bg7 6. Ne2 0-0 7. Ng3 d6 8. cxb5 a6 9. Nc3 h5 10. Bd3 Nbd7 11. f4 axb5 12. Bxb5 Qa5 13. Qa4 h4 14. Nge2 Qxa4 15. Bxa4 Nxe4 16. Bc6 Nxc3 17. Bxa8 Nxe2 18. Bc6 Nd4 19. 0-0 Nf6 20. a4 Ba6 21. Rd1 Ne2+ 22. Kf2 Ng4+ 23. Ke1 Nd4 24. Rb1 Rb8 25. h3 Nc2+ 26. Kd2 Nge3 27. Rg1 Na3 28. Ra1 Nac4+ 29. Ke2 Nc2 30. Ra2 Bd4 31. Rh1 Nb4 32. Ra1 Nxb2+ 33. Bb5 Bxb5+ 34. axb5 Rxb5 35. f5 Kg7 36. fxg6 Kxg6 37. Bxb2 Bxb2 38. Rab1 Nxd5 39. Kd3 Rb4 0-1

[Event "Barcelona Sant Marti op-A 17th"]
[Site "Barcelona"]
[Date "2015.07.19"]
[Round "7"]
[White "Supriya, Joshi"]
[Black "Shashikant, Kutwal"]
[Result "0-1"]
[WhiteElo "1953"]
[BlackElo "2202"]
[PlyCount "96"]
[EventDate "2015.07.13"]
[EventType "swiss"]
[EventRounds "9"]
[EventCountry "ESP"]
[SourceTitle "CBM 167 Extra"]
[Source "ChessBase"]
[SourceDate "2015.09.14"]
[SourceVersion "1"]
[SourceVersionDate "2015.09.14"]
[SourceQuality "1"]

1. e4 c5 2. Nf3 d6 3. d4 cxd4 4. Nxd4 Nf6 5. Nc3 Nc6 6. Bg5 e6 7. Qd2 a6 8. 0-0-0 Bd7 9. f4 h6 10. Bh4 b5 11. Bxf6 gxf6 12. Kb1 b4 13. Nce2 Qb6 14. Nxc6 Bxc6 15. Ng3 h5 16. h4 Qc5 17. Rh3 a5 18. f5 Rc8 19. Ba6 Rc7 20. Qe2 Ke7 21. Nf1 Bh6 22. Nh2 Bf4 23. Nf3 Qe3 24. Qxe3 Bxe3 25. Re1 Bc5 26. fxe6 fxe6 27. Rg3 Bf2 28. Rg7+ Kd8 29. Rxc7 Kxc7 30. Rf1 Bc5 31. Nd2 Rg8 32. Rxf6 Rxg2 33. Nb3 Bxe4 34. Bd3 Rg1+ 35. Rf1 Rxf1+ 36. Bxf1 Bf2 37. Be2 Bg6 38. Nxa5 Bxh4 39. Nb3 Bf2 40. Nd2 h4 41. Bg4 e5 42. Kc1 d5 43. Kd1 e4 44. Ke2 Bd4 45. b3 Kd6 46. Nf1 Ke5 47. Nh2 Kf4 48. Be6 Bh5+ 0-1

[Event "Barcelona Sant Marti op-A 17th"]
[Site "Barcelona"]
[Date "2015.07.13"]
[Round "1"]
[White "Supriya, Joshi"]
[Black "Satyapragyan, Swayangsu"]
[Result "0-1"]
[WhiteElo "1953"]
[BlackElo "2392"]
[PlyCount "70"]
[EventDate "2015.07.13"]
[EventType "swiss"]
[EventRounds "9"]
[EventCountry "ESP"]
[SourceTitle "CBM 167 Extra"]
[Source "ChessBase"]
[SourceDate "2015.09.14"]
[SourceVersion "1"]
[SourceVersionDate "2015.09.14"]
[SourceQuality "1"]

1. e4 c5 2. Nf3 e6 3. d4 cxd4 4. Nxd4 a6 5. Nc3 Qc7 6. Bd3 b5 7. 0-0 Bb7 8. Be3 Nf6 9. a3 d6 10. f4 Nbd7 11. Nb3 Be7 12. Qf3 0-0 13. g4 h6 14. Bd4 e5 15. fxe5 Nxe5 16. Bxe5 dxe5 17. h4 Rad8 18. Nd1 Qb6+ 19. Ne3 Nxg4 20. Qxg4 Qxe3+ 21. Kh2 Bc8 22. Qg3 Qxg3+ 23. Kxg3 h5 24. a4 b4 25. Nd2 Rd6 26. Rh1 Rg6+ 27. Kf2 Rg4 28. Nc4 f5 29. Nxe5 fxe4+ 30. Ke1 exd3 31. Nxg4 Bxg4 32. cxd3 Bf6 33. Rh2 Be5 34. Rc2 Bg3+ 35. Kd2 Rf2+ 0-1

[Event "Barbera del Valles op 38th"]
[Site "Barbera del Valles"]
[Date "2015.07.10"]
[Round "7"]
[White "Patil, Pratik"]
[Black "Supriya, Joshi"]
[Result "1-0"]
[WhiteElo "2181"]
[BlackElo "1953"]
[PlyCount "71"]
[EventDate "2015.07.04"]
[EventType "swiss"]
[EventRounds "9"]
[EventCountry "ESP"]
[SourceTitle "CBM 167 Extra"]
[Source "ChessBase"]
[SourceDate "2015.09.14"]
[SourceVersion "1"]
[SourceVersionDate "2015.09.14"]
[SourceQuality "1"]

1. e4 e5 2. Bc4 Nf6 3. d3 Bc5 4. Nc3 0-0 5. Nf3 d6 6. Na4 Bb6 7. Nxb6 axb6 8. Bg5 Be6 9. 0-0 Bxc4 10. dxc4 h6 11. Bh4 Nbd7 12. Nd2 g5 13. Bg3 Nc5 14. Qf3 Ne6 15. c3 Nd7 16. Rfd1 Nf4 17. Nf1 Qf6 18. Ne3 h5 19. Bxf4 exf4 20. Nd5 Qh6 21. Nxc7 Ne5 22. Qh3 g4 23. Qh4 f6 24. Rxd6 Rad8 25. Rxd8 Rxd8 26. Nd5 Kf7 27. Rd1 Rd6 28. f3 gxf3 29. Rf1 fxg2 30. Rxf4 Nd3 31. Rf5 Qc1+ 32. Kxg2 Ne1+ 33. Kh3 Nd3 34. Rxf6+ Kg7 35. Qg3+ Kh7 36. Rf7+ 1-0

[Event "Barbera del Valles op 38th"]
[Site "Barbera del Valles"]
[Date "2015.07.09"]
[Round "6"]
[White "Supriya, Joshi"]
[Black "Molano Lafuente, Ismael"]
[Result "1-0"]
[WhiteElo "1953"]
[BlackElo "2112"]
[PlyCount "93"]
[EventDate "2015.07.04"]
[EventType "swiss"]
[EventRounds "9"]
[EventCountry "ESP"]
[SourceTitle "CBM 167 Extra"]
[Source "ChessBase"]
[SourceDate "2015.09.14"]
[SourceVersion "1"]
[SourceVersionDate "2015.09.14"]
[SourceQuality "1"]

1. e4 e5 2. Nf3 f5 3. Nxe5 Qf6 4. d4 d6 5. Nc4 fxe4 6. Nc3 Qg6 7. f3 Nf6 8. fxe4 Be7 9. e5 Ne4 10. Qf3 Nxc3 11. Bd3 Qg4 12. Qxg4 Bxg4 13. bxc3 0-0 14. Rb1 Nc6 15. Rf1 dxe5 16. d5 Nd8 17. Rxf8+ Bxf8 18. Nxe5 Bh5 19. g4 Bd6 20. Bf4 Bxg4 21. Bg3 Bh3 22. Kd2 b6 23. Re1 Nb7 24. Nc6 Nc5 25. Bxd6 cxd6 26. Ne7+ Kh8 27. Bf5 Bg2 28. c4 g6 29. Rg1 Bf3 30. Bg4 Be4 31. Nc8 b5 32. Nxd6 bxc4 33. Nxe4 Nxe4+ 34. Ke3 Nd6 35. Kd4 Rb8 36. Kc5 Rb6 37. Re1 Ra6 38. Re6 Nb7+ 39. Kd4 Rxe6 40. Bxe6 Kg7 41. Kxc4 Kf6 42. Kd4 Ke7 43. Ke5 Nd6 44. Bg4 h6 45. Be2 Nf7+ 46. Kd4 Nd6 47. c4 1-0

[Event "Barbera del Valles op 38th"]
[Site "Barbera del Valles"]
[Date "2015.07.07"]
[Round "4"]
[White "Supriya, Joshi"]
[Black "Jordan Arenas, Manuel"]
[Result "0-1"]
[WhiteElo "1953"]
[BlackElo "2122"]
[PlyCount "102"]
[EventDate "2015.07.04"]
[EventType "swiss"]
[EventRounds "9"]
[EventCountry "ESP"]
[SourceTitle "CBM 167 Extra"]
[Source "ChessBase"]
[SourceDate "2015.09.14"]
[SourceVersion "1"]
[SourceVersionDate "2015.09.14"]
[SourceQuality "1"]

1. e4 e5 2. Nf3 Nc6 3. Bb5 a6 4. Ba4 Nf6 5. 0-0 Be7 6. Re1 b5 7. Bb3 0-0 8. d4 d6 9. c3 Bg4 10. Be3 exd4 11. cxd4 Na5 12. Bc2 c5 13. h3 Bh5 14. Nbd2 cxd4 15. Bxd4 Nc6 16. g4 Bg6 17. a4 Qc7 18. Qe2 Qb7 19. Bd3 Nb4 20. Nh4 Nxd3 21. Qxd3 Nd7 22. Nf5 Ne5 23. Qg3 f6 24. axb5 axb5 25. Rxa8 Rxa8 26. Nxe7+ Qxe7 27. Qb3+ Bf7 28. Qxb5 Qc7 29. Bc3 Qa7 30. Kg2 Rb8 31. Qe2 Rc8 32. f4 Nd7 33. Nf3 Nc5 34. Qe3 Qb7 35. Kg3 Re8 36. e5 fxe5 37. fxe5 Na4 38. Ng5 Nxc3 39. Qxc3 Rc8 40. Qd3 Bg6 41. Qxd6 Qb3+ 42. Kh4 Re8 43. Qd4 h6 44. Ne4 Bxe4 45. Qxe4 g5+ 46. Kh5 Qxh3+ 47. Kg6 Re6+ 48. Kf5 Qb3 49. Qa8+ Kg7 50. Ra1 Re7 51. Qe4 Qe6# 0-1

[Event "Asia-ch U20 Girls"]
[Site "Tagaytay City"]
[Date "2014.12.03"]
[Round "8"]
[White "Nandhidhaa, PV."]
[Black "Supriya, Joshi"]
[Result "1-0"]
[WhiteElo "2177"]
[BlackElo "1895"]
[PlyCount "65"]
[EventDate "2014.11.29"]
[EventType "swiss"]
[EventRounds "9"]
[EventCountry "PHI"]
[SourceTitle "EXT 2016"]
[Source "ChessBase"]
[SourceDate "2015.10.08"]
[SourceVersion "1"]
[SourceVersionDate "2015.10.08"]
[SourceQuality "1"]

1. e4 c6 2. d4 d5 3. exd5 cxd5 4. Bd3 Nc6 5. c3 Qc7 6. Ne2 e5 7. dxe5 Nxe5 8. Bb5+ Bd7 9. Bxd7+ Qxd7 10. 0-0 Nf6 11. Bf4 Bd6 12. Nd2 0-0 13. Nd4 Rfe8 14. N2f3 Nxf3+ 15. Qxf3 Re4 16. Bxd6 Qxd6 17. Rad1 Rae8 18. Qg3 Qd7 19. f3 Re3 20. Qf2 Qa4 21. a3 h6 22. Rd2 g6 23. Qh4 Qa6 24. Qxh6 Re1 25. Rdf2 Qd3 26. g3 R8e5 27. Kg2 Rxf1 28. Rxf1 Rh5 29. Qf4 Kg7 30. Re1 g5 31. Qf5 Qd2+ 32. Re2 Qd1 33. g4 1-0

[Event "Wch U20 Girls 32nd"]
[Site "Pune"]
[Date "2014.10.17"]
[Round "11"]
[White "Caballero Quijano, Mitzy Mishell"]
[Black "Supriya, Joshi"]
[Result "0-1"]
[WhiteElo "1961"]
[BlackElo "1857"]
[PlyCount "50"]
[EventDate "2014.10.06"]
[EventType "swiss"]
[EventRounds "13"]
[EventCountry "IND"]
[SourceTitle "EXT 2015"]
[Source "ChessBase"]
[SourceDate "2014.11.20"]
[SourceVersion "1"]
[SourceVersionDate "2014.11.20"]
[SourceQuality "1"]

1. d4 Nf6 2. Nf3 g6 3. c4 Bg7 4. g3 0-0 5. Bg2 d6 6. 0-0 c6 7. Nc3 Bf5 8. Nh4 Be6 9. d5 cxd5 10. cxd5 Bd7 11. Be3 Qa5 12. h3 b5 13. a3 Rc8 14. Qd2 Be8 15. Rfc1 Nbd7 16. Nf3 Nb6 17. b3 Rxc3 18. Ne1 Nfxd5 19. b4 Qa6 20. Bxd5 Nxd5 21. Qxd5 Rcc8 22. Ra2 Bd7 23. Rac2 Bxh3 24. Rc7 Be6 25. Qf3 Bf8 0-1

[Event "Wch U20 Girls 32nd"]
[Site "Pune"]
[Date "2014.10.06"]
[Round "1"]
[White "Saranya, J."]
[Black "Supriya, Joshi"]
[Result "1-0"]
[WhiteElo "2107"]
[BlackElo "1857"]
[PlyCount "113"]
[EventDate "2014.10.06"]
[EventType "swiss"]
[EventRounds "13"]
[EventCountry "IND"]
[SourceTitle "EXT 2015"]
[Source "ChessBase"]
[SourceDate "2014.11.20"]
[SourceVersion "1"]
[SourceVersionDate "2014.11.20"]
[SourceQuality "1"]

1. e4 c6 2. d4 d5 3. Nc3 dxe4 4. Nxe4 Bf5 5. Ng3 Bg6 6. h4 h6 7. Nh3 e6 8. Nf4 Bh7 9. Bc4 Nf6 10. Nfh5 Nbd7 11. c3 Nxh5 12. Nxh5 Nf6 13. Bf4 Rg8 14. Qe2 Nd5 15. Be5 Bg6 16. Bxd5 cxd5 17. Nf4 Bh7 18. 0-0 Be7 19. Rfe1 Qd7 20. Nh5 Kf8 21. Qg4 f6 22. Bh2 Bf5 23. Qe2 Bd6 24. Bxd6+ Qxd6 25. Ng3 Kf7 26. Nxf5 exf5 27. Qf3 g6 28. c4 Rge8 29. cxd5 Rxe1+ 30. Rxe1 Rd8 31. Qe3 g5 32. h5 Qd7 33. Qa3 a6 34. Qb4 Qd6 35. Qxb7+ Rd7 36. Qc8 Rd8 37. Qe6+ Qxe6 38. Rxe6 a5 39. Ra6 Rxd5 40. b3 f4 41. f3 Kg7 42. Kf2 f5 43. Ke2 g4 44. Kd3 g3 45. Kc4 Rd7 46. Rxa5 Kf6 47. Re5 Rc7+ 48. Kd3 Rc1 49. Re2 Kg5 50. d5 Rc8 51. d6 Kxh5 52. Kd4 Kh4 53. Kd5 h5 54. d7 Rg8 55. Re8 Rg5 56. Rh8 Rg8 57. d8Q+ 1-0

[Event "IND-ch U19 Girls 28th"]
[Site "Lucknow"]
[Date "2013.07.11"]
[Round "2"]
[White "Supriya, Joshi"]
[Black "Ivana Maria, Furtado"]
[Result "0-1"]
[WhiteElo "1872"]
[BlackElo "2080"]
[PlyCount "170"]
[EventDate "2013.07.10"]
[EventType "swiss"]
[EventRounds "11"]
[EventCountry "IND"]
[SourceTitle "CBM 155 Extra"]
[Source "ChessBase"]
[SourceDate "2013.08.26"]
[SourceVersion "1"]
[SourceVersionDate "2013.08.26"]
[SourceQuality "1"]

1. e4 e6 2. d4 d5 3. Nd2 Nf6 4. e5 Nfd7 5. Bd3 c5 6. c3 Nc6 7. Ngf3 Be7 8. 0-0 g5 9. dxc5 g4 10. Nd4 Ndxe5 11. Bb5 Bd7 12. N2b3 h5 13. Bxc6 bxc6 14. f4 Nc4 15. Qe2 a5 16. Kh1 Qc7 17. f5 e5 18. f6 Bf8 19. Nd2 Nxd2 20. Bxd2 Kd8 21. Nf5 Bxc5 22. Rae1 e4 23. Bf4 Qb6 24. Nd6 Be6 25. Qd2 Bxd6 26. Bxd6 Kc8 27. c4 Kb7 28. c5 Qb4 29. Qf4 h4 30. Re3 a4 31. b3 a3 32. Rd1 h3 33. Qe5 hxg2+ 34. Kxg2 Rh6 35. Rd4 Qb5 36. Qf4 Rh3 37. Qf2 Rf3 38. Qe1 Kc8 39. Be7 Kd7 40. Rexe4 Rh8 41. Re2 Rfh3 42. Bd6 g3 43. Bxg3 Qxc5 44. Qb4 Qxb4 45. Rxb4 c5 46. Rb7+ Kc6 47. Rc7+ Kb6 48. Re7 d4 49. Bc7+ Kc6 50. Bg3 R3h6 51. Rc7+ Kb6 52. Rc2 Rh5 53. Bd6 d3 54. Rd2 Rd5 55. Bg3 Rh6 56. Re7 Rxf6 57. Bf2 Re5 58. Rxd3 Bh3+ 59. Rxh3 Rxe7 60. Rf3 Rxf3 61. Kxf3 Kb5 62. h4 c4 63. bxc4+ Kxc4 64. h5 Kc3 65. Bc5 Re5 66. Bxa3 Rxh5 67. Be7 Rf5+ 68. Kg3 Kd3 69. Bd8 Rd5 70. Bc7 Rd7 71. Bb6 Rb7 72. Bc5 Rb2 73. a3 Ke4 74. Bb4 f5 75. Bd6 Ra2 76. Bc5 f4+ 77. Kh3 f3 78. Kg3 Rg2+ 79. Kh3 Rc2 80. Bb6 Rc6 81. Bf2 Kd3 82. Kg3 Ke2 83. Bd4 Ra6 84. a4 Rxa4 85. Bc5 Rc4 0-1

[Event "Wch U20 Girls 29th"]
[Site "Chennai"]
[Date "2011.08.15"]
[Round "13"]
[White "Shetye, Sidhhali"]
[Black "Supriya, Joshi"]
[Result "0-1"]
[WhiteElo "1890"]
[BlackElo "1829"]
[PlyCount "98"]
[EventDate "2011.08.02"]
[EventType "swiss"]
[EventRounds "13"]
[EventCountry "IND"]
[SourceTitle "CBM 143 Extra"]
[Source "ChessBase"]
[SourceDate "2011.08.29"]
[SourceVersion "1"]
[SourceVersionDate "2011.08.29"]
[SourceQuality "1"]

1. d4 Nf6 2. Nf3 g6 3. c4 Bg7 4. Nc3 0-0 5. e4 d6 6. Be2 Na6 7. 0-0 e5 8. Be3 Ng4 9. Bg5 Qe8 10. Re1 exd4 11. Nxd4 Qe5 12. Nf3 Qc5 13. Bh4 Be6 14. Nd2 Ne5 15. Nb3 Qc6 16. Nd5 Bxd5 17. cxd5 Qa4 18. Nd4 Qxd1 19. Raxd1 Nc5 20. Bf1 a5 21. Nb5 Rac8 22. f3 Rfe8 23. Bf2 Ned7 24. Re2 f5 25. exf5 Rxe2 26. Bxe2 Bxb2 27. fxg6 hxg6 28. f4 b6 29. Bg4 Rf8 30. g3 Rf7 31. Be6 Nf6 32. Bxf7+ Kxf7 33. Nxc7 Nfe4 34. Bd4 Bxd4+ 35. Rxd4 Nc3 36. Rd2 b5 37. g4 b4 38. f5 gxf5 39. gxf5 a4 40. Ne6 N5e4 41. Rg2 Nxd5 42. Ng5+ Nxg5 43. Rxg5 Nc3 44. Rg2 a3 45. Rc2 d5 46. Kf2 d4 47. Kf3 d3 48. Rd2 b3 49. axb3 a2 0-1